01029nam a2200265 i 4500001000700000003000900007005001700016008004100033040002000074100005100094245007000145250005700215260005100272300003100323592002600354595006000380597002300440597004200463597001100505597001100516650003000527852006300557999001900620952012400639166272ES-MaACL20250802062538.0050913s1774 ne | |||||||| ||fre d aCAM bspa cCAM1 aThomas, Antoine Léonard, d1732-1785913322110aOeuvres de M. Thomas de l'Académie Françoise b: tome second. aNouvelle édition revue, corrigée et augmentée. aA Amsterdam : bchez E. van Harrevelt, c1774. a[4], 310, [2] p. ; c12º. aNotas a pie de pág. aLa mención de ed. precede a la indicación de parte. aSign.: []2, A-N12. aPort. a dos tintas con viñeta calc. aAntep. aAntep. 7aLiteratura2embne9141583 aES-MaACLjR-987-90 z-- Enc. pasta x-- Olim: G-9494-7 c166272d166272 001040708LIBXVIIIaATENEOMbATENEOMcDEPOd2008-01-17l0oR-987-90p1174373r2023-02-23 00:00:00w2023-02-23yMONANT